| 000 | 01698nam a22002777a 4500 | ||
|---|---|---|---|
| 005 | 20120123110227.0 | ||
| 010 | _aB-445717-721 | ||
| 020 |
_a9788125028024 _c325.00 |
||
| 020 |
_a8125028021 _c325.00 |
||
| 035 | _aB-445717-721 | ||
| 037 |
_adpl _bAllied Pub/Ven |
||
| 082 | _a791.430233092 | ||
| 100 |
_aHood, John W. _941247 |
||
| 245 |
_aThe films of Buddhadeb Dasgupta / _cby John W.Hood |
||
| 260 |
_aHyderabad _bOrient Longman _c2005 |
||
| 270 |
_a3-6-752 Himayatnagar _bHyderabad _e500029 (A.P.) India |
||
| 300 |
_aviii,223p. _c21cm(pbk) |
||
| 490 |
_aFilm Studies _941248 |
||
| 942 |
_2ddc _cEN _mHOO _h791.430233092 |
||
| 999 |
_c61345 _d61345 |
||